Entry Nombre personal
001 - NÚMERO DE CONTROL
- campo de control: 241408
003 - IDENTIFICADOR DE NÚMERO DE CONTROL
- campo de control: SpMaBN
005 - FECHA Y HORA DE LA ÚLTIMA TRANSACCIÓN
- campo de control: 20250726234528.0
008 - ELEMENTOS DE DATO DE LONGITUD-FIJA
- campo de control de longitud fija: 010212nn ainnnaabn a aaa
016 ## - NÚMERO DE CONTROL DE UNA AGENCIA BIBLIOGRÁFICA NACIONAL
- Número de control del registro: BNE20010810111
040 ## - FUENTE DE CATALOGACIÓN
- Centro catalogador/agencia de origen: SpMaBN
- Lengua de catalogación: spa
- Centro/agencia transcriptor: SpMaBN
- Normas de descripción: rdc
- Convención/Normas de encabezamiento de materia/tesauro: embne
046 ## - FECHAS CON CODIFICACIÓN ESPECIAL
- Fecha de nacimiento: 1678
- Fecha de la muerte: 1753
100 1# - ENCABEZAMIENTO-NOMBRE DE PERSONA
- Nombre de persona: Delamonce, Ferdinand,
- Fechas asociadas al nombre: 1678-1753
370 ## - LUGAR ASOCIADO
- Lugar de nacimiento: Alemania
370 ## - LUGAR ASOCIADO
- Lugar de fallecimiento: Francia
374 ## - OCUPACIÓN
- Ocupación: Pintores
- Ocupación: Arquitectos
- Ocupación: Dibujantes
- Ocupación: Grabadores
375 ## - GÉNERO/SEXO
- Género: Masculino
400 1# - TRAZADO DE VÉASE--NOMBRE DE PERSONA
- Nombre de persona: Delamonce, Ferdinad Pierre Joseph Ignace,
- Fechas asociadas al nombre: 1678-1753
670 ## - FUENTE DE DATOS ENCONTRADOS
- Cita de la fuente: Plan de Lion Ancienne colonie des Romains..., ca. 1700
- Información encontrada: (Dessiné Sur les Lieux par le Sr. Delamonce Architecte)
670 ## - FUENTE DE DATOS ENCONTRADOS
- Cita de la fuente: WWW Bn- Opale Plus, 13-05-2009
- Información encontrada: (Delamonce, Ferdinand (1678-1753). Architecte, fils de l'architecte Jean-Baptiste Delamonce. Produisit un nombre considérable de dessins, dont des plans de Versailles en 1714-1715. Travailla avec son fils Pierre-François né en 1732 et s'installa à Lyon en 1731. Peintre, dessinateur et graveur)
670 ## - FUENTE DE DATOS ENCONTRADOS
- Cita de la fuente: WWW BnF aut., 27-3-2023
- Información encontrada: (Delamonce, Ferdinand (Múnich, 1678 - Lyon, 1753). Arquitecto, hijo del tambien arquitecto Jean-Baptiste Delamonce. Pintor, dibujante y grabador; autor de un número considerable de dibujos entre los que se encuentran los planos de Versailles en 1714-1715. Trabajó junto a su hijo Pierre-François nacido en 1732, en 1731 se instala en Lyon)
- Identificador Uniforme de Recursos: http://ark.bnf.fr/ark:/12148/cb14961171j
